La cultura de la violencia /

Uloženo v:
Podrobná bibliografie
Hlavní autor: Romero C., Paulino
Médium: Text
Tagy: Přidat tag
Žádné tagy, Buďte první, kdo vytvoří štítek k tomuto záznamu!

MARC

LEADER 00000 a a2200000 04500
001 9435
003
040
100 |a Romero C., Paulino  
245 |a La cultura de la violencia /  |c Paulino Romero C. 
773 |g número 476 -477; páginas 103-108  
999 |c 24269  |d 24269